| 000 | 00399nam a2200169Ia 4500 | ||
|---|---|---|---|
| 005 | 20250423095922.0 | ||
| 008 | 250422s9999 xx 000 0 und d | ||
| 020 | _a0- 465- 03712- 7 | ||
| 050 | _aHD 70 .J3 A26/ | ||
| 100 | _aJames C. Abegglen | ||
| 245 | 0 | _aKaisha, The Japanese corporation | |
| 260 | _aNew York | ||
| 260 | _bBasic Books | ||
| 260 | _c1985 | ||
| 300 | _a309 p | ||
| 942 | _cBK | ||
| 999 |
_c31729 _d31729 |
||